=LDR 00000nam 2200000 4500 =001 INLIS000000000000258 =005 20150303132728.0 =006 =007 =008 Ind =035 ##$$0010-061300000000258 =041 ##$$a Ind =082 ##$$a 615.65 =090 ##$$a 615.65 Pet =245 ##$$a Petunjuk penting transfusi / Editor, Marcela Contresras =260 ##$$a Jakarta $b EGC $c 1995 =300 ##$$a vii, 68 hlm. : ilus. ; 25 cm =650 ##$$a Darah =650 ##$$a Transfusi =650 ##$$a Pedoman =700 ##$$a Contreras, Marcela =850 ##$$a NBPNMAT